Movies Quiz

Random Movies Quiz

50 Best Movies of 2000's Quiz Stats

 Plays Quiz not verified by Sporcle

Support Sporcle.
Go Orange.
Score 0/50 Timer 10:00
0 Plays Today
Initials Movie Name % Correct
TROTKThe Return of the King
92.4%
TDKThe Dark Knight
92.4%
GGladiator
90.5%
AAvatar
88.3%
MDBMillion Dollar Baby
87.9%
TFOTRThe Fellowship of the Ring
87.5%
SShrek
86%
NCFOMNo Country For Old Men
85.1%
TDThe Departed
83.7%
RRay
83.6%
BMBrokeback Mountain
80.7%
ESOTSMEternal Sunshine of the Spotless Mind
80.5%
GONYGangs of New York
80.4%
TPThe Pianist
80.3%
ABMA Beautiful Mind
79.2%
UUp
79.1%
TWBBThere Will Be Blood
78.4%
HPATSSHarry Potter and the Sorcerer's Stone
77.1%
WTLWalk the Line
74.2%
TTTThe Two Towers
74.1%
MRMystic River
73%
HPATPOAHarry Potter and the Prisoner of Azkaban
71.2%
THLThe Hurt Locker
70.6%
LITLost in Translation
68.7%
CCapote
68.4%
Initials Movie Name % Correct
CCrash
66.7%
MMemento
66.5%
HRHotel Rwanda
63.9%
CTHDCrouching Tiger Hidden Dragon
62.8%
CChicago
59.7%
COMChildren of Men
59.6%
SMSlumdog Millionaire
59.4%
SSideways
57.9%
PPrecious
57%
PAPPride and Prejudice
55.9%
PLPan's Labyrinth
55%
IBInglourious Basterds
53.8%
LFIJLetters From Iwo Jima
51.7%
BBabel
50.5%
COGCity Of God
50.1%
MMunich
48.5%
MAC:TFSOTWMaster and Commander: The Far Side of the World
46.1%
OBWATO Brother, Where Art Thou
45%
TTraffic
43.8%
SASpirited Away
43.8%
MRMoulin Rouge
42.7%
TAThe Aviator
41.9%
AAdaptation
39.6%
CMCinderella Man
33.7%
THThe Hours
30.1%

You're not logged in!

Compare scores with friends on all Sporcle quizzes.
OR
Log In

From the Vault

Paint by Trivia: 20th Century Fiction

by bhenderson79

Someone else wrote the books, but you can provide the illustrations.
Remove Ads.
Support Sporcle.
Get the best of Sporcle when you Go Orange. This ad-free experience offers more features, more stats, and more fun while also helping to support Sporcle. Thank you for becoming a member.

Show Comments

Extras

Top Quizzes Today


Score Distribution

Your Account Isn't Verified!

In order to create a playlist on Sporcle, you need to verify the email address you used during registration. Go to your Sporcle Settings to finish the process.

Report this User

Report this user for behavior that violates our Community Guidelines.

Details: